| 000 | 00799nam a2200241 i 4500 | ||
|---|---|---|---|
| 001 | 105038 | ||
| 003 | ES-MaACL | ||
| 005 | 20230906183748.0 | ||
| 007 | t| | ||
| 008 | 060606q19001950fr ||||1| fre d | ||
| 080 | _a821.133.1-2"18" | ||
| 100 | 1 |
_aMérimée, Prosper ( _d1803-1870) _980507 |
|
| 245 | 1 | 0 |
_aThéatre de Clara Gazul _b: comédienne espagnole ; suivi de la Jaquerie et de la Famille Carvajal / _cProsper Mérimée. |
| 260 |
_aParis : _bCalmann-Lévy, _c[19-?] |
||
| 300 |
_a447 p. ; _c19 cm. |
||
| 490 | 1 | _aBibliothèque contemporaine | |
| 500 | _aBiblioteca Jacinto Martínez Lacalle. | ||
| 740 | 3 | _aLa Jaquerie. | |
| 740 | 3 | _aLa famille de Carvajal. | |
| 830 | 0 |
_aBibliothèque contemporaine _9181673 |
|
| 852 |
_aES-MaACL _jE-11266 _bR.139267 |
||
| 999 |
_c105038 _d105038 |
||